| 000 | 01121cam a2200337 i 4500 | ||
|---|---|---|---|
| 001 | 18720652 | ||
| 005 | 20221119094254.0 | ||
| 008 | 150729s2014 pk b 001 0 eng | ||
| 010 | _a 2015325419 | ||
| 020 | _a9780199068982 | ||
| 025 | _aP-E-2015325419; 47 | ||
| 037 |
_bLibrary of Congress -- Islamabad Overseas Office _cRs 695 |
||
| 040 |
_aDLC _beng _cDLC _erda |
||
| 042 |
_alcode _apcc |
||
| 043 | _aa-pk--- | ||
| 050 | 0 | 0 |
_aKPL810 _b.S66 2015 |
| 082 |
_a346.0295491 _bSOO |
||
| 100 | 1 |
_aSoomro, Taymour, _eauthor. _9103115 |
|
| 245 | 1 | 4 |
_aThe Contract law of Pakistan / _cTaymour Soomro. |
| 250 | _aFirst edition. | ||
| 264 | 1 |
_aKarachi : _bOxford University Press, _c2015. |
|
| 300 |
_axxxvi, 366 pages ; _c24 cm |
||
| 336 |
_atext _btxt _2rdacontent |
||
| 337 |
_aunmediated _bn _2rdamedia |
||
| 338 |
_avolume _bnc _2rdacarrier |
||
| 504 | _aIncludes bibliographical references (pages 359-360) and index. | ||
| 650 | 0 |
_aContracts _zPakistan. _937966 |
|
| 906 |
_a7 _bcbc _corigode _d2 _encip _f20 _gy-gencatlg |
||
| 942 |
_2ddc _cBK |
||
| 999 |
_c592397 _d592397 |
||